Scenario - lyrics - Statistics

General Stats
  • This quiz has been taken 5 times
    4 since last reset
  • The average score is 63 of 177
Answer Stats
% Correct
Scenario
100%
a
67%
A
67%
all
33%
And
33%
back
33%
Barry
33%
bed
33%
bestowed
33%
broadband
33%
but
33%
Cascading
33%
cure
33%
darkness
33%
diamond
33%
down
33%
dream
33%
Epiphany
33%
Every
33%
Fantasies
33%
flames
33%
foe
33%
from
33%
glow
33%
greet
33%
head
33%
hour
33%
I
33%
I'm
33%
in
33%
Inseminario
33%
is
33%
It's
33%
just
33%
keep
33%
kind
33%
Manillows
33%
me
33%
mine
33%
my
33%
needs
33%
nevermind
33%
not
33%
of
33%
on
33%
one
33%
or
33%
our
33%
pillows
33%
power
33%
pretty
33%
right
33%
secrets
33%
see
33%
sentiments
33%
sleep
33%
sure
33%
telepathy?
33%
That
33%
that
33%
the
33%
They're
33%
they're
33%
thine
33%
thing
33%
think
33%
through
33%
'tis
33%
to
33%
To
33%
told
33%
truth's
33%
'tween
33%
waking
33%
woe
33%
you
33%
Your
33%
your
33%
you're
33%
yours
33%
No matching quizzes found
Score Distribution
Percent of People with Each Score
Percentile by Number Answered
Your Score History
You have not taken this quiz since the last reset